| 000 | 01248nam2a22003251 4500 | ||
|---|---|---|---|
| 001 | rc\3716731 | ||
| 005 | 20230316084032.0 | ||
| 035 | _a(NLR Aleph) 007859998 | ||
| 090 |
_a7798077 _c7798077 |
||
| 100 | _a20130115d1969 |||y0rusy50 ca | ||
| 101 | 1 |
_arus _ceng |
|
| 102 | _aRU | ||
| 105 | _aa z ||||| | ||
| 200 | 0 |
_aТ. 1 _f[Авт. Уелкер Э., Као Дж., Деллинджер Д. и др.] _gПеревод Ю.Г. Епишина и Б.А. Смиренина _gПод ред. и [с предисл.] Б.Р. Левина |
|
| 210 | _d1969 | ||
| 215 |
_a339 с. _cчерт. |
||
| 320 | _aБиблиогр.: с. 326-337 | ||
| 461 | 0 |
_1001rc\3716730 _12001#$aСправочник по надежности$eПер. с англ.$eТ. 1-3$vТ. 1 |
|
| 701 | 1 |
_aКао _bДж. |
|
| 701 | 1 |
_aУелкер _bЭ. |
|
| 701 | 1 |
_aДеллинджер _bД. |
|
| 702 | 1 |
_aСмиренин _bБ. А. _4730 |
|
| 702 | 1 |
_aЛевин _bБ. Р. _cд-р техн. наук, радиотехника _f1919-1991 _gБорис Рувимович _3RU\NLR\AUTH\770253764 _4340 _4080 |
|
| 702 | 1 |
_aЕпишин _bЮ. Г. _4730 |
|
| 801 | 0 |
_aRU _bNLR _gpsbo |
|
| 801 | 1 |
_aRU _bELAR _2rusmarc |
|
| 852 |
_aNLR _j69-5/6694 |
||
| 942 | _cBOOK | ||
| 980 | _aNB | ||